| 000 | 00552nam a2200193Ia 4500 | ||
|---|---|---|---|
| 003 | GCL | ||
| 008 | 140319s9999 xx 000 0 ara d | ||
| 040 |
_aGCL / _cGCL |
||
| 082 | 0 | 4 |
_a813.01 _bس ق |
| 100 | 1 | _aنبيل راغب | |
| 245 | 1 | 0 |
_aقصص للجميع / _cنبيل راغب |
| 700 | 1 | _aسعيد رمضان على | |
| 260 |
_a[S.N] : _bميدلايت المحدودة ، _c1992 |
||
| 300 | _a179 | ||
| 490 |
_aقصص للجميع _v0 |
||
| 650 | 0 | 4 | _aالقصص العربية |
| 650 | 0 | 4 | _aالقصة العربية |
| 942 |
_2ddc _cBK |
||
| 999 |
_c54237 _d54237 |
||